Iqbal aur Iqbal Shanasi (Record no. 311772)
[ view plain ]
| 000 -LEADER | |
|---|---|
| fixed length control field | 00292 a2200121 4500 |
| 001 - CONTROL NUMBER | |
| control field | 76699 |
| 082 ## - DEWEY DECIMAL CLASSIFICATION NUMBER | |
| Classification number | 928.914391 IQR |
| 090 ## - LOCALLY ASSIGNED LC-TYPE CALL NUMBER (OCLC); LOCAL CALL NUMBER (RLIN) | |
| -- | 39218 |
| -- | 39218 |
| 100 ## - MAIN ENTRY--PERSONAL NAME | |
| Personal name | Iqrar Hussain Sheikh |
| 245 ## - TITLE STATEMENT | |
| Title | Iqbal aur Iqbal Shanasi |
| Medium | Urdu |
| 260 ## - PUBLICATION, DISTRIBUTION, ETC. | |
| Place of publication, distribution, etc. | Islamabad |
| Name of publisher, distributor, etc. | The Books |
| Date of publication, distribution, etc. | 2004 |
| 300 ## - PHYSICAL DESCRIPTION | |
| Extent | 210p |
| 942 ## - ADDED ENTRY ELEMENTS (KOHA) | |
| Institution code [OBSOLETE] | CAE NUST |
| Call number prefix | 928.914391 IQR |
| Withdrawn status | Lost status | Damaged status | Not for loan | Collection code | Permanent Location | Current Location | Date acquired | Total Checkouts | Full call number | Barcode | Date last seen | Price effective from | Koha item type |
|---|---|---|---|---|---|---|---|---|---|---|---|---|---|
| College of Aeronautical Engineering (CAE) | College of Aeronautical Engineering (CAE) | 04/03/2017 | 928.914391 IQR | CAE82135 | 04/05/2017 | 04/05/2017 | Book |
